000 00686nam a2200241Ia 4500
008 220216s9999 xx 000 0 und d
100 _aJayashree R
245 0 _aEffect of salinity stress and osmotica on embryogenesis and plant regeneration from MnSOD transgenic cell lines in Hevea brasiliensis
260 _bJournal of Plantation Crops
_c2012
300 _a199-202
650 _aAgrobacterium
650 _aGenetic transformation
650 _aNaCl
650 _aOsmoticum
700 _aJayashree P K
700 _aJiji M
700 _aKala R G
700 _aRekha K
700 _aSobha S
700 _aSushamakumari S
700 _aThulaseedharan A
942 _cJS
999 _c58101
_d58101